An inquiry into the principles of political oeconomy / (Record no. 7425)
[ view plain ]
| 000 -LEADER | |
|---|---|
| fixed length control field | 01141nam a2200313 a 4500 |
| 001 - CONTROL NUMBER | |
| control field | 7425 |
| 003 - CONTROL NUMBER IDENTIFIER | |
| rucl marc code | BD-RjUL |
| 005 - DATE AND TIME OF LATEST TRANSACTION | |
| control field | 20211208234418.0 |
| 008 - FIXED-LENGTH DATA ELEMENTS--GENERAL INFORMATION | |
| fixed length control field | 190226s1966 stkach b 000 0deng |
| 035 ## - SYSTEM CONTROL NUMBER | |
| System control number | (BD-RjUL)7468 |
| 040 ## - CATALOGING SOURCE | |
| Original cataloging agency | DLC |
| Transcribing agency | MsSM |
| Modifying agency | ICIU |
| -- | Uk |
| -- | DLC |
| Language of cataloging | eng |
| Description conventions | BD-RjUL |
| 041 ## - LANGUAGE CODE | |
| Language code of text/sound track or separate title | eng |
| 042 ## - AUTHENTICATION CODE | |
| Authentication code | premarc |
| 082 ## - DEWEY DECIMAL CLASSIFICATION NUMBER | |
| Classification number | 330.1 |
| Edition number | 23 |
| Author mark and year | STI V-1-2 1966 |
| 100 1# - MAIN ENTRY--PERSONAL NAME | |
| Personal name | Steuart, James, |
| Dates associated with a name | 1712-1780. |
| 9 (RLIN) | 228640 |
| 245 13 - TITLE STATEMENT | |
| Title | An inquiry into the principles of political oeconomy / |
| Statement of responsibility, etc. | Sir James Steuart ; Edited and with an introduction by Andrew S. Skinner. |
| 246 ## - VARYING FORM OF TITLE | |
| Title proper/short title | Sir James Steuart : |
| Remainder of title | An inquiry into the principles of political oeconomy (V-1 & V-2) |
| 260 ## - PUBLICATION, DISTRIBUTION, ETC. (IMPRINT) | |
| Place of publication, distribution, etc. | Chicago: |
| Name of publisher, distributor, etc. | University of Chicago Press, |
| Date of publication, distribution, etc. | c1966 |
| 300 ## - PHYSICAL DESCRIPTION | |
| Pagination | 2 v. : |
| Illustrations | Ill. ; |
| Size | 25 cm. |
| 490 0# - SERIES STATEMENT | |
| Series statement | Scottish economic classics |
| 500 ## - GENERAL NOTE | |
| General note | At the Head of title: Sir James Steuart |
| 504 ## - BIBLIOGRAPHY, ETC. NOTE | |
| Bibliography, etc | Bibliography: p. 744-746. |
| 650 #0 - SUBJECT ADDED ENTRY--TOPICAL TERM | |
| Topical term or geographic name as entry element | Economics. |
| 9 (RLIN) | 228641 |
| Topical term or geographic name as entry element | Economic schools. |
| 9 (RLIN) | 228647 |
| 700 1# - ADDED ENTRY--PERSONAL NAME | |
| Personal name | Skinner, Andrew S. , Ed. & introducer |
| 830 ## - SERIES ADDED ENTRY--UNIFORM TITLE | |
| Uniform title | Scottish economic classics |
| 942 ## - ADDED ENTRY ELEMENTS (KOHA) | |
| Source of classification or shelving scheme | Dewey Decimal Classification |
| Koha item type | Rare Books |
| Lost status | Source of classification or shelving scheme | Damaged status | Not for loan | Collection code | Permanent Location | Current Location | Shelving location | Date acquired | Source of acquisition | Cost, normal purchase price | Total Checkouts | Full call number | Date last seen | Copy number | Koha item type |
|---|---|---|---|---|---|---|---|---|---|---|---|---|---|---|---|
| Dewey Decimal Classification | Not For Loan | Rare Books | Central Library, University of Rajshahi | Central Library, University of Rajshahi | Rare Book Section | 17/09/1970 | Zeitlinger | 11.25 | RA 330.1 STI V-1 1966 | 26/02/2019 | C-1 | Rare Books | |||
| Dewey Decimal Classification | Not For Loan | Rare Books | Central Library, University of Rajshahi | Central Library, University of Rajshahi | Rare Book Section | 17/09/1970 | Zeitlinger | 11.25 | RA 330.1 STI V-2 1966 | 26/02/2019 | C-1 | Rare Books |